000
00290nam a2200145Ia 4500
100
_a
Smith/ Derf
942
_c
BK
654
_a
systems
245
_a
Circuits
260
_b
John wiley
_a
Singapore
_c
1992
082
_a
621.3
_b
SMI/DOR
300
_a
868
546
_a
ENGLISH
999
_c
22132
_d
22132